[Event "London"]
[Site "London"]
[Date "1986.??.??"]
[Round "5"]
[White "Larsen, Bent"]
[Black "Vaganian, Rafael A"]
[Result "1/2-1/2"]
[WhiteElo "2575"]
[BlackElo "2645"]

1.c4 Nf6 2.Nf3 c5 3.g3 b6 4.Bg2 Bb7 5.O-O g6 6.Nc3 Bg7 7.d4 cxd4 8.Qxd4 O-O
9.Qh4 d6 10.Rd1 Nbd7 11.Bh6 Rc8 12.Bxg7 Kxg7 13.Qd4 Qc7 14.b3 Qc5 15.Ne1 Bxg2
16.Nxg2 a6 17.Ne3 Qxd4 18.Rxd4 b5 19.Ncd5 Nxd5 20.Nxd5 e5 21.Rdd1 bxc4 22.Ne7 Rce8
23.Nc6 Re6 24.bxc4 Rc8 25.Na5 Nb6 26.Rab1 Nxc4 27.Rd5 Na3 28.Rb6 Nb5 29.a4 Nc3
30.Rdxd6 Nxe2+ 31.Kg2 Rxd6 32.Rxd6 Nc3 33.Rxa6 Nxa4 34.Nb7 Nc3 35.Nd6 Rd8
36.h4 h5 37.f4 exf4 38.gxf4 f5 39.Kf3 Nd5 40.Ra7+ Kf6 41.Ra6 Rb8 42.Nb7+ Ke7
43.Rxg6 Ra8 44.Rg5 Ra3+  1/2-1/2

[Event "GLC Masters"]
[Site "London"]
[Date "1986.??.??"]
[Round "10"]
[White "Orr, Mark J L"]
[Black "Mannion, Stephen R"]
[Result "0-1"]
[WhiteElo "2330"]
[BlackElo "2260"]

1.c4 Nf6 2.Nf3 b6 3.g3 c5 4.Bg2 Bb7 5.O-O g6 6.b3 Bg7 7.Bb2 O-O 8.Nc3 Na6
9.Rb1 e6 10.Nb5 d5 11.Ne5 Ne4 12.d4 cxd4 13.Qxd4 f6 14.cxd5 fxe5 15.Qxe4 Bxd5
16.Qg4 Qe8 17.Nc3 Bxg2 18.Kxg2 Rc8 19.Rbc1 Bh6 20.e3 Nc5 21.Na4 Nd3 22.Rxc8 Qxc8
23.Qe2 e4 24.Ba1 Qc6 25.Qd2 e5 26.Qc3 Qf6 27.Qc4+ Kh8 28.Qxe4 Ne1+ 29.Kh1 Nf3
30.Rc1 Bg7 31.Rd1 Qe6 32.g4 Qf6 33.Kg2 Qh4 34.Qxf3 Rxf3 35.Kxf3 e4+ 36.Ke2 Qxg4+
37.Kd2 Qf3 38.Bxg7+ Kxg7 39.Rf1 Qg2 40.Ke2 Qxh2  0-1

[Event "Moscow-B"]
[Site "Moscow"]
[Date "1986.??.??"]
[Round "?"]
[White "Danailov, Silvio"]
[Black "Makarichev, Sergey"]
[Result "1/2-1/2"]
[WhiteElo "2425"]
[BlackElo "2495"]

1.Nf3 Nf6 2.c4 b6 3.g3 c5 4.Bg2 Bb7 5.O-O g6 6.b3 Bg7 7.Bb2 O-O 8.Nc3 Na6
9.Rc1 e6 10.d4 d5 11.cxd5 Nxd5 12.dxc5 Nxc5 13.Rc2 Nxc3 14.Bxc3 Qxd1 15.Rxd1 Rfd8
16.Rdc1 Be4 17.Rd2 Bxc3 18.Rxc3 a5 19.Rc4 Bxf3 20.Rxd8+ Rxd8 21.Bxf3 Rd1+
22.Kg2 Rd2 23.b4 axb4 24.Rxb4  1/2-1/2

[Event "Moscow-B"]
[Site "Moscow"]
[Date "1986.??.??"]
[Round "?"]
[White "Kengis, Edvins"]
[Black "Makarichev, Sergey"]
[Result "1/2-1/2"]
[WhiteElo "2475"]
[BlackElo "2495"]

1.Nf3 Nf6 2.c4 b6 3.g3 c5 4.Bg2 Bb7 5.O-O g6 6.d4 cxd4 7.Qxd4 Bg7 8.Nc3 Nc6
9.Qf4 O-O 10.Qh4 Na5 11.Bg5 Rc8 12.b3 Rc5 13.Rac1 h6 14.Bxf6 Bxf6 15.Qf4 Bg7
16.Rfd1 d6 17.Qe3 Qd7 18.Ne4 Bxe4 19.Qxe4 Rfc8 20.Qb1 R5c7 21.h4 b5 22.c5 b4
23.h5 g5 24.cxd6 Qxd6 25.Rxc7 Qxc7 26.Qe4 Qc2 27.Rd8+ Bf8 28.Qxe7 Rxd8 29.Qxd8 Qxa2
30.Nxg5 Qb1+ 31.Kh2 Qf5 32.Ne4 Nxb3 33.Nf6+ Kg7 34.Ne8+ Kg8 35.Nf6+ Kg7 36.Ne8+ Kg8  1/2-1/2

[Event "Prague op"]
[Site "Prague"]
[Date "1986.??.??"]
[Round "?"]
[White "Pekarek, Ales"]
[Black "Ambroz, Jan"]
[Result "0-1"]
[WhiteElo "2440"]
[BlackElo "2460"]

1.Nf3 Nf6 2.c4 b6 3.g3 c5 4.Bg2 Bb7 5.O-O g6 6.Nc3 Bg7 7.d4 cxd4 8.Qxd4 O-O
9.Qh4 d6 10.Rd1 Nbd7 11.Be3 Rc8 12.Rac1 a6 13.b3 Re8 14.Qh3 Rb8 15.Nd4 Qc8
16.Nd5 e6 17.Nxf6+ Nxf6 18.Qh4 Bxg2 19.Kxg2 Qb7+ 20.Nf3 Ne4 21.Bd4 g5 22.Qh3 f5
23.g4 e5 24.Be3 Nf6 25.gxf5 g4 26.Qg3 gxf3+ 27.exf3 Rbd8 28.Kh1 Kh8 29.Rg1 Rg8
30.Qh3 Bf8 31.Rxg8+ Nxg8 32.Rg1 Rd7 33.Bg5 Be7 34.Bh6 Bf6 35.Rg3 Nxh6 36.Qxh6 Rf7
37.Qh5 Qe7 38.Qg4 Rg7 39.Qe4 Qb7 40.Qd3 Qc6 41.Qe3 Qc5  0-1

[Event "Reggio Emilia8687"]
[Site "Reggio Emilia"]
[Date "1986.??.??"]
[Round "?"]
[White "Spassky, Boris V"]
[Black "Andersson, Ulf"]
[Result "1/2-1/2"]
[WhiteElo "2620"]
[BlackElo "2600"]

1.Nf3 Nf6 2.c4 c5 3.g3 b6 4.Bg2 Bb7 5.O-O g6 6.b3 Bg7 7.Bb2 O-O 8.Nc3 d5
9.Nxd5 Nxd5 10.Bxg7 Kxg7 11.cxd5 Qxd5 12.d4 Na6 13.Nh4 Qd7 14.dxc5 Qxd1 15.Rfxd1 Bxg2
16.Nxg2 Nxc5 17.Ne3 Rfd8 18.f3 f6 19.Kf2 Kf7 20.Rxd8 Rxd8 21.Rd1 Rxd1 22.Nxd1 Ke6
23.Ke3 Kd6 24.Kd4 Kc6 25.Nc3 Ne6+ 26.Kc4 Nc7 27.b4 a6 28.f4 Nb5 29.Nxb5 axb5+
30.Kd4 Kd6 31.e4 e5+ 32.Ke3 g5 33.fxg5 fxg5 34.Kf3 h5 35.g4 h4 36.Ke3 Kc6
37.Kd3 Kd6 38.Kc3 Kc6 39.Kb3 Kd7 40.a4 Kc6 41.axb5+ Kd6 42.Kc4 Ke6 43.h3 Kd6  1/2-1/2

[Event "Sochi"]
[Site "Sochi"]
[Date "1986.??.??"]
[Round "13"]
[White "Chernin, Alexander"]
[Black "Eingorn, Vereslav S"]
[Result "1/2-1/2"]
[WhiteElo "2565"]
[BlackElo "2570"]

1.c4 Nf6 2.Nf3 b6 3.g3 c5 4.Bg2 Bb7 5.O-O g6 6.Nc3 Bg7 7.d4 cxd4 8.Qxd4 d6
9.Rd1 Nbd7 10.Rb1 Rc8 11.b3 O-O 12.Qh4 Rc5 13.Bb2  1/2-1/2

[Event "BUL-DDR (Women)"]
[Site "Sofia"]
[Date "1986.??.??"]
[Round "1"]
[White "Voiska, Margarita"]
[Black "Burchardt, Brigitte"]
[Result "1/2-1/2"]
[WhiteElo "2245"]
[BlackElo "2205"]

1.Nf3 c5 2.g3 b6 3.Bg2 Bb7 4.c4 Nf6 5.O-O g6 6.b3 Bg7 7.Bb2 O-O 8.Nc3 Nc6
9.d4 cxd4 10.Nxd4 Qc8 11.Nf3 d6 12.Rc1 Ne4 13.Ba1 Nxc3 14.Bxc3 Bxc3 15.Rxc3 Rb8
16.Qd2 Qf5 17.Re3 Qf6  1/2-1/2

[Event "Agzamov mem"]
[Site "Tashkent"]
[Date "1986.??.??"]
[Round "4"]
[White "Pigusov, Evgeny"]
[Black "Lerner, Konstantin Z"]
[Result "1/2-1/2"]
[WhiteElo "2495"]
[BlackElo "2530"]

1.Nf3 Nf6 2.g3 b6 3.c4 c5 4.Bg2 Bb7 5.O-O g6 6.b3 Bg7 7.Bb2 O-O 8.Nc3 d5
9.Nxd5 Nxd5 10.Bxg7 Kxg7 11.cxd5 Qxd5 12.d4 cxd4 13.Qxd4+ Qxd4 14.Nxd4 Bxg2
15.Kxg2 Rc8 16.Rfd1 Nc6 17.Nxc6 Rxc6 18.Rac1 Rac8 19.Rxc6 Rxc6 20.Rd7 Rc2
21.Rxa7 Rxe2 22.Kf3  1/2-1/2

[Event "Agzamov mem"]
[Site "Tashkent"]
[Date "1986.??.??"]
[Round "16"]
[White "Pigusov, Evgeny"]
[Black "Loginov, Valery A"]
[Result "1/2-1/2"]
[WhiteElo "2495"]
[BlackElo "2355"]

1.Nf3 Nf6 2.c4 c5 3.g3 b6 4.Bg2 Bb7 5.O-O g6 6.b3 Bg7 7.Bb2 O-O 8.Nc3 Na6
9.d4 d5 10.dxc5 Nxc5 11.Nxd5 Nxd5 12.Bxg7 Kxg7 13.cxd5 Qxd5 14.Qxd5 Bxd5
15.Rfd1 Rfd8 16.Ne5 Bxg2 17.Kxg2 Rac8 18.f3 f6 19.Nc4 Kf7 20.Kf2 Ke8 21.Ke1 Rxd1+
22.Rxd1 Rd8 23.Rxd8+ Kxd8 24.Kd2 Kc7 25.Kc3 Kc6 26.a4 a5 27.Na3 Ne6 28.Nc4 Nc5
29.Na3 Ne6 30.Nc4 Nc5  1/2-1/2

[Event "Tbilisi"]
[Site "Tbilisi"]
[Date "1986.??.??"]
[Round "?"]
[White "Romanishin, Oleg M"]
[Black "Zaichik, Gennadi"]
[Result "1/2-1/2"]
[WhiteElo "2560"]
[BlackElo "2490"]

1.Nf3 c5 2.c4 Nf6 3.g3 b6 4.Bg2 Bb7 5.O-O g6 6.Nc3 Bg7 7.d3 O-O 8.e4 Nc6
9.Bg5 h6 10.Be3 Ng4 11.Bd2 e6 12.Rb1 Nge5 13.Ne1 Ne7 14.b4 d6 15.a3 Qd7 16.f4 N5c6
17.Nf3 Nd4 18.Nxd4 Bxd4+ 19.Kh1  1/2-1/2

[Event "EU-ch U18"]
[Site "Arnhem"]
[Date "1987.??.??"]
[Round "12"]
[White "Norwood, David"]
[Black "Bern, Ivar"]
[Result "1/2-1/2"]
[WhiteElo "2405"]
[BlackElo "2275"]

1.Nf3 c5 2.g3 b6 3.Bg2 Bb7 4.O-O Nf6 5.c4 g6 6.Nc3 Bg7 7.Re1 O-O 8.e4 Nc6
9.d3 d6 10.h3 h6 11.Be3 e5 12.Qd2 Kh7 13.Nh2 Qd7 14.f4 exf4 15.gxf4 Nh5 16.Nd5 f5
17.Bf3 Nf6 18.Qg2 Nxd5 19.cxd5 Nd4 20.Kh1 Rae8 21.Bxd4 Bxd4 22.Re2 Rg8 23.Rae1 Ba6
24.Rd1 Qf7 25.h4 Qf6 26.Qg3 Kh8 27.b3 b5 28.Rde1 Bc3 29.Rc1 Bd4 30.Bg2 Bb7
31.Ree1 a5 32.Nf3 Bc3 33.Rf1 b4 34.Ng1 Qe7 35.Nf3 Ba6 36.Rfd1 a4 37.e5 dxe5
38.fxe5 Bxe5 39.Nxe5 Qxe5 40.Qxe5+ Rxe5 41.Rxc5 axb3 42.axb3 Rd8 43.d4 Re7
44.Ra1 Bd3 45.Rc6 Kg7 46.d6 Red7 47.Rc7 Kf6 48.Raa7 Ke6 49.d5+ Kxd6 50.Rc6+ Ke5
51.Rxd7 Rxd7 52.Rxg6 Rd6 53.Rg7 Bc2 54.Rb7 Bxb3 55.Rxb4 Bxd5 56.Rb5 Ke6 57.Bxd5+ Rxd5
58.Rb6+ Rd6 59.Rb5  1/2-1/2

[Event "Balatonfured zt (Women)"]
[Site "Balatonfured"]
[Date "1987.??.??"]
[Round "?"]
[White "Voiska, Margarita"]
[Black "Wiese Jozwiak, Malgorzata"]
[Result "1/2-1/2"]
[WhiteElo "2305"]
[BlackElo "2290"]

1.Nf3 c5 2.g3 b6 3.Bg2 Bb7 4.c4 Nf6 5.O-O g6 6.d4 Bg7 7.Nc3 cxd4 8.Qxd4 d6
9.Qh4 h6 10.Be3 Nbd7 11.Rac1 Nc5 12.Rfd1 Nce4 13.Nxe4 Bxe4 14.Nd4 Bxg2 15.Kxg2 Qd7  1/2-1/2

[Event "Biel schev"]
[Site "Biel"]
[Date "1987.??.??"]
[Round "?"]
[White "Landenbergue, Claude"]
[Black "Bellin, Jana"]
[Result "1/2-1/2"]
[WhiteElo "2300"]
[BlackElo "2340"]

1.Nf3 Nf6 2.c4 b6 3.g3 c5 4.Bg2 Bb7 5.O-O g6 6.Nc3 Bg7 7.Re1 O-O 8.e4 Nc6
9.e5 Ne8 10.d3 d6 11.e6 fxe6 12.Ng5 Nc7 13.Nb5 Rf6 14.Nxc7 Qxc7 15.Nxe6 Rxe6
16.Rxe6 Nd4 17.Bxb7 Qxb7 18.Re4 Rf8 19.Qg4 Rf5 20.Be3 Nf3+ 21.Kg2 b5 22.Bf4 Nd4
23.Re1 bxc4 24.dxc4 e5 25.Bc1 Nf3 26.Qxf3 Rxf3 27.Kxf3 Bf6 28.Kg2 Qa6 29.a3 Qa4
30.h4 Qc2 31.b4 cxb4 32.axb4 a5 33.bxa5 Bd8 34.Bh6 Bxa5 35.R1e2 Qd3 36.c5 Bc3
37.R2e3 Qd5 38.cxd6 Bd2 39.Kh2 Bxe3 40.Rxe3 Qxd6 41.Rf3 Qb4 42.g4 Qd6 43.Kg3 e4+
44.Rf4 g5 45.Bxg5 h6 46.Bxh6 Qxh6 47.Rxe4 Qd6+ 48.Kg2 Qc6 49.f3 Qc2+ 50.Kg3 Qc7+
51.Kh3 Qc3 52.Kg3 Qc7+ 53.Kh3 Qc3 54.Rf4 Qe1 55.Rf5  1/2-1/2

[Event "Budel zt"]
[Site "Budel"]
[Date "1987.??.??"]
[Round "?"]
[White "Wians, Camille"]
[Black "Winants, Luc"]
[Result "0-1"]
[WhiteElo "2200"]
[BlackElo "2415"]

1.Nf3 c5 2.c4 Nf6 3.g3 b6 4.Bg2 Bb7 5.O-O g6 6.Nc3 Bg7 7.d4 cxd4 8.Nxd4 Bxg2
9.Kxg2 O-O 10.e4 Qc7 11.b3 a6 12.Bb2 e6 13.Rc1 d6 14.Qe2 Nbd7 15.Rfd1 Rad8
16.Nc2 Rfe8 17.Ne3 Qc6 18.f3 Ne5 19.Nb1 g5 20.Bxe5 dxe5 21.h3 Bf8 22.Ng4 Nxg4
23.hxg4 Bc5 24.Rxd8 Rxd8 25.Rd1 Bd4 26.Na3 Qc5 27.Qd2 h6 28.b4 Qc6 29.Qc2 Kg7
30.Qb3 Rc8 31.Rc1 Kg6 32.Nb1 a5 33.b5 Qd6 34.a3 Rd8 35.Rd1 Qc5 36.Qc2 Rc8
37.Nd2 Qxa3 38.Nb3 Qb4 39.Nxd4 Rxc4  0-1

[Event "Camaguey-A"]
[Site "Camaguey"]
[Date "1987.??.??"]
[Round "?"]
[White "Verduga, Denis Homero"]
[Black "Rodriguez, Amador"]
[Result "1/2-1/2"]
[WhiteElo "2435"]
[BlackElo "2495"]

1.Nf3 Nf6 2.c4 b6 3.g3 c5 4.Bg2 Bb7 5.O-O g6 6.Nc3 Bg7 7.Re1 d5 8.d4 dxc4
9.dxc5 Nbd7 10.Qa4 Qc8 11.Qxc4 Qxc5  1/2-1/2

[Event "Camaguey-A"]
[Site "Camaguey"]
[Date "1987.??.??"]
[Round "?"]
[White "Vilela, Jose Luis"]
[Black "Garcia Gonzales, Guillermo"]
[Result "1/2-1/2"]
[WhiteElo "2400"]
[BlackElo "2495"]

1.Nf3 Nf6 2.g3 b6 3.Bg2 Bb7 4.O-O c5 5.c4 g6 6.Nc3 Bg7 7.d4 cxd4 8.Qxd4 Nc6
9.Qf4 Qb8 10.Rd1 Qxf4 11.Bxf4 d6 12.Rac1 O-O 13.b3 Rfd8 14.Nd4  1/2-1/2

[Event "POL-ch sf"]
[Site "Gdynia"]
[Date "1987.??.??"]
[Round "4"]
[White "Siekanski, Janusz"]
[Black "Dabek, Roman"]
[Result "1-0"]
[WhiteElo "2335"]
[BlackElo "2295"]

1.Nf3 Nf6 2.c4 b6 3.g3 c5 4.Bg2 Bb7 5.O-O g6 6.Nc3 Bg7 7.d4 cxd4 8.Qxd4 O-O
9.Qh4 d6 10.Bh6 Nbd7 11.Bxg7 Kxg7 12.b3 Rc8 13.Rac1 Rc5 14.Rfd1 Qa8 15.Qd4 Kg8
16.b4 Rcc8 17.Ne1 Bxg2 18.Nxg2 Ne5 19.Nd5 Nxd5 20.Qxd5 Rxc4 21.Ne3 Qxd5 22.Nxd5 e6
23.Ne7+ Kg7 24.f4 Rxc1 25.Rxc1 Nd7 26.Rc7 Nb8 27.Rxa7 Re8 28.b5 Kf8 29.Rb7 d5
30.Kf2 Rd8 31.Nc6 Nxc6 32.bxc6 Rc8 33.Rxb6 Ke7 34.Rb7+ Ke8 35.Rb6 Ke7 36.Ke3 Kd6
37.Rb7 Rf8 38.c7 Rc8 39.a4 Rxc7 40.Rxc7 Kxc7 41.Kd4 Kd6 42.e4 dxe4 43.Kxe4 f6
44.g4 h6 45.h4 f5+ 46.gxf5 exf5+ 47.Kd4 Kc6 48.Ke5 Kb6 49.Kf6 g5 50.hxg5  1-0

[Event "POL-ch sf"]
[Site "Gdynia"]
[Date "1987.??.??"]
[Round "4"]
[White "Ostrowski, Leszek"]
[Black "Hass, Roman"]
[Result "1/2-1/2"]
[WhiteElo "2340"]
[BlackElo "2270"]

1.Nf3 c5 2.g3 b6 3.Bg2 Bb7 4.O-O Nf6 5.c4 g6 6.Nc3 Bg7 7.d4 cxd4 8.Nxd4 Bxg2
9.Kxg2 O-O 10.e4 Qc7 11.b3 Qb7 12.f3 d6 13.Be3 Nbd7 14.Qd2 Rfe8 15.Rac1 a6
16.Rfd1 Rad8 17.Bh6 Bh8 18.Bg5 e6 19.a4 Ne5 20.Nde2 Rd7 21.Qf4 Nh5 22.Qh4 f6
23.Be3 f5 24.g4 fxg4 25.fxg4 Nf6 26.g5 Neg4 27.gxf6 Nxe3+ 28.Kg1 Nxd1 29.Rxd1 Rf8
30.Rf1 Rdf7 31.e5 dxe5 32.Ne4 Qd7 33.N2c3 Qd4+ 34.Kh1 Bxf6 35.Rxf6 Rxf6  1/2-1/2

[Event "Bundesliga 8687"]
[Site "Germany"]
[Date "1987.??.??"]
[Round "?"]
[White "Seppeur, Reinhold"]
[Black "Chandler, Murray G"]
[Result "0-1"]
[WhiteElo "2295"]
[BlackElo "2595"]

1.Nf3 Nf6 2.c4 b6 3.g3 Bb7 4.Bg2 c5 5.O-O g6 6.b3 Bg7 7.Bb2 O-O 8.e3 d6 9.d4 Nbd7
10.Nc3 a6 11.Qe2 e6 12.Rfd1 Qc7 13.Rac1 Rfe8 14.h3 Rad8 15.Kh2 Qb8 16.a3 Qa8
17.Ne1 Bxg2 18.Nxg2 cxd4 19.Rxd4 Nc5 20.Qc2 Nfe4 21.Rdd1 Nxc3 22.Bxc3 Bxc3
23.Qxc3 Qf3 24.Qc2 d5 25.Ne1 Qf6 26.Kg2 Ne4 27.Nf3 Rc8 28.Qe2 Kg7 29.cxd5 Nc3
30.Qxa6 Nxd1 31.Rxd1 exd5 32.Rxd5 Ra8 33.Qb5 Ra5 34.Qxe8 Rxd5 35.Nd4 Rc5
36.a4 Rc1 37.Qe4 Ra1 38.h4 Ra2 39.Qf3 h5 40.Qf4 Qxf4 41.gxf4 f5 42.Kf3 Kf6
43.Kg3 Ke7 44.Nc6+ Ke6 45.Kf3 Ra3 46.Ke2 Kd6 47.Nd4 Ra2+ 48.Kf3 Kd5 49.Kg3 Ke4
50.Nf3 Rb2 51.Ne5 Rxb3 52.Nxg6 Kd5  0-1

[Event "Granma zt"]
[Site "Granma"]
[Date "1987.??.??"]
[Round "?"]
[White "Juarez Flores, Carlos A"]
[Black "Russek, Guil"]
[Result "1/2-1/2"]
[WhiteElo "2340"]
[BlackElo "2280"]

1.Nf3 Nf6 2.g3 b6 3.Bg2 Bb7 4.O-O c5 5.c4 g6 6.Nc3 Bg7 7.e3 O-O 8.d4 d6 9.d5 Na6
10.e4 Nd7 11.Bf4 Nc7 12.Re1 Ne5 13.Nxe5 dxe5 14.Be3 Ne8 15.Qd2 Nd6 16.b3 Qd7
17.a4 Rfe8 18.Bh6 f6 19.Bxg7 Kxg7 20.f4 Nf7 21.a5 Rab8 22.axb6 axb6 23.Ra7 exf4
24.gxf4 e5 25.fxe5 Nxe5 26.Ne2 Kh8 27.Rf1 b5 28.Qc3 bxc4 29.bxc4 Qd6 30.Nf4 Qb6
31.Rfa1 Ra8 32.Rxa8 Rxa8 33.Rf1 Bc8 34.Nd3 Qd6 35.Nxe5 fxe5 36.Qf3 Ba6 37.Qc3 Bc8
38.Rf7 Kg8 39.Rf2 Bd7 40.Qg3 Rf8 41.Rxf8+ Kxf8 42.Qh4 Qe7 43.Qf2+ Qf7  1/2-1/2

[Event "Graz op"]
[Site "Graz"]
[Date "1987.??.??"]
[Round "7"]
[White "Kirov, Nino"]
[Black "Cebalo, Miso"]
[Result "1-0"]
[WhiteElo "2445"]
[BlackElo "2500"]

1.Nf3 Nf6 2.g3 b6 3.Bg2 Bb7 4.O-O c5 5.c4 g6 6.Nc3 Bg7 7.d4 cxd4 8.Qxd4 d6
9.Rd1 Nbd7 10.b3 Rc8 11.Bb2 O-O 12.Nd5 Bxd5 13.cxd5 Rc2 14.Rd2 Rc5 15.Ne1 a5
16.Nd3 Rc7 17.Qa4 Nc5 18.Nxc5 Rxc5 19.Bd4 Nd7 20.Bxg7 Kxg7 21.Qd4+ Kg8 22.h4 Qc7
23.Rad1 Ra8 24.h5 Qd8 25.Qe3 Nf6 26.hxg6 hxg6 27.Rd4 Qf8 28.Bf3 Rac8 29.Rh4 R8c7
30.Kg2 Qg7 31.Rdh1 b5 32.a3 Rc3 33.Qb6 g5 34.Rc4 R3xc4 35.bxc4 Rc8 36.g4 bxc4
37.Qa6 Qf8 38.Qxa5 Rc5 39.Qd2 Qg7 40.Qb4 Ne8 41.Qa4 Kf8 42.Rb1 f6 43.Be4 c3
44.Qc2 f5 45.Bxf5 Rxd5 46.Rb8 Rd2 47.Bg6 Qf6 48.Rxe8+ Kg7 49.Rxe7+ Qxe7 50.Qxc3+ Kxg6
51.Qxd2 Qe4+ 52.f3  1-0

[Event "Halle-B"]
[Site "Halle"]
[Date "1987.??.??"]
[Round "3"]
[White "Becker, Michael"]
[Black "Liebert, Heinz"]
[Result "1/2-1/2"]
[WhiteElo "2235"]
[BlackElo "2400"]

1.Nf3 Nf6 2.g3 b6 3.Bg2 Bb7 4.O-O c5 5.c4 g6 6.Nc3 Bg7 7.d3 O-O 8.e4 Nc6
9.Bd2 d6 10.Qc1 a6 11.Bh6 b5 12.Bxg7 Kxg7 13.Re1  1/2-1/2

[Event "Hastings8788"]
[Site "Hastings"]
[Date "1987.??.??"]
[Round "9"]
[White "Benjamin, Joel"]
[Black "Chandler, Murray G"]
[Result "0-1"]
[WhiteElo "2575"]
[BlackElo "2575"]

1.Nf3 Nf6 2.c4 b6 3.g3 c5 4.Bg2 Bb7 5.O-O g6 6.d4 cxd4 7.Qxd4 Bg7 8.Nc3 Nc6
9.Qf4 Rc8 10.Rd1 O-O 11.Qh4 Na5 12.b3 Nh5 13.Nd4 Bxg2 14.Kxg2 Nc6 15.Be3 d6
16.Rac1 Qd7 17.Nf3 f5 18.Nd5 e6 19.Nc3 e5 20.Nb5 f4 21.Rxd6 Qb7 22.gxf4 exf4
23.Bd2 Ne7 24.Qh3 Nf5 25.Rd5 Qe7 26.Kf1 Rce8 27.Re1 a6 28.Rxf5 Rxf5 29.Nc3 Nf6
30.Nd4 Ne4 31.Nxe4 Qxe4 32.Nf3 Qc2 33.Qg4 Qxa2 34.e4 fxe3 35.Rxe3 Rxe3 36.Bxe3 Qxb3
37.Qe4 b5 38.Qe8+ Rf8 39.Qe6+ Kh8 40.Ne5 Qb1+  0-1

[Event "Jurmala"]
[Site "Jurmala"]
[Date "1987.??.??"]
[Round "?"]
[White "Romanishin, Oleg M"]
[Black "Psakhis, Lev"]
[Result "1-0"]
[WhiteElo "2555"]
[BlackElo "2575"]

1.Nf3 Nf6 2.c4 b6 3.g3 c5 4.Bg2 Bb7 5.O-O g6 6.Nc3 Bg7 7.Re1 Ne4 8.Nxe4 Bxe4
9.d4 cxd4 10.Bh6 Bxh6 11.Qxd4 O-O 12.Qxe4 Nc6 13.Rad1 Rc8 14.h4 e6 15.e3 Qe7
16.Re2 Rfd8 17.Red2 Bg7 18.Qf4 h6 19.e4 d6 20.Rxd6 Rxd6 21.Rxd6 Bxb2 22.e5 Kg7
23.Qd2 Nxe5 24.Qxb2 Qxd6 25.Nxe5 f6 26.Nf3 Rxc4 27.Nd2 Rc7 28.Ne4 Qd1+ 29.Kh2 e5
30.Qa3 Qd4 31.h5 f5 32.Nd6 Qc5 33.Qd3 e4 34.Ne8+ Kf7 35.Qd8 Re7 36.hxg6+ Kxg6
37.Nd6 Re6 38.Qg8+ Kf6 39.Qf8+ Ke5 40.Nf7+ Kd4 41.Nd8 Re5 42.Qf6 Kd3 43.Nc6 Re8
44.Qb2 e3 45.Nb4+ Kc4 46.Qb3+  1-0

[Event "Jurmala"]
[Site "Jurmala"]
[Date "1987.??.??"]
[Round "?"]
[White "Tal, Mihail"]
[Black "Psakhis, Lev"]
[Result "1/2-1/2"]
[WhiteElo "2625"]
[BlackElo "2575"]

1.c4 c5 2.Nf3 Nf6 3.g3 b6 4.Bg2 Bb7 5.O-O g6 6.d4 cxd4 7.Nxd4 Bxg2 8.Kxg2 Qc7
9.b3 Bg7 10.Bb2 O-O 11.Nc3 Qb7+ 12.Nf3 Na6  1/2-1/2

[Event "Moscow-A"]
[Site "Moscow"]
[Date "1987.??.??"]
[Round "?"]
[White "Romanishin, Oleg M"]
[Black "Gurevich, Mikhail"]
[Result "1-0"]
[WhiteElo "2570"]
[BlackElo "2540"]

1.Nf3 Nf6 2.c4 b6 3.g3 c5 4.Bg2 Bb7 5.O-O g6 6.Nc3 Bg7 7.Re1 d6 8.e4 e5 9.d4 Nc6
10.dxe5 dxe5 11.Nd5 h6 12.b4 cxb4 13.Bb2 Nd7 14.a3 b3 15.Qxb3 Nc5 16.Qc2 O-O
17.Rad1 Re8 18.h4 h5 19.Bc1 Ne6 20.Be3 Ncd4 21.Bxd4 exd4 22.e5 Rc8 23.Nxd4 Nxd4
24.Rxd4 Rxe5 25.Rxe5 Bxe5 26.Rd3 Qf8 27.Qa4 Bxd5 28.Rxd5 Bd6 29.Qxa7 Rxc4
30.Qxb6 Bc5 31.Qf6 Be7 32.Qa6 Rc1+ 33.Kh2 Bxa3 34.Rd7 Qc5 35.Qa8+ Kg7 36.Qf3 Qf8
37.Qe3 Qc5 38.Qf3 Qf8 39.Qb3 Re1 40.Qc3+  1-0

[Event "New York op"]
[Site "New York"]
[Date "1987.??.??"]
[Round "?"]
[White "Benko, Pal C"]
[Black "Dimitrijevic, Darko"]
[Result "1-0"]
[WhiteElo "2460"]
[BlackElo "2325"]

1.Nf3 Nf6 2.c4 b6 3.g3 Bb7 4.Bg2 c5 5.O-O g6 6.Nc3 Bg7 7.d4 O-O 8.d5 d6 9.e4 Nbd7
10.Bf4 a6 11.a4 Ne8 12.Qd2 Nc7 13.Rfe1 b5 14.axb5 axb5 15.cxb5 Nb6 16.Bf1 Qd7
17.Bh6 Rfb8 18.Bxg7 Kxg7 19.b4 f6 20.bxc5 dxc5 21.Qe3 Qd6 22.Nd2 e6 23.Nc4 Nxc4
24.Bxc4 Bc8 25.Rad1 e5 26.Ra1 Bd7 27.Reb1 g5 28.Rxa8 Rxa8 29.b6 Ne8 30.Bb5 Rc8
31.Na4 c4 32.b7 Rb8 33.Bxd7 Qxd7 34.Qa7 Qc7 35.Nc5  1-0

[Event "NLD-ch"]
[Site "?"]
[Date "1987.??.??"]
[Round "?"]
[White "Boersma, Paulus A"]
[Black "Ree, Hans"]
[Result "1-0"]
[WhiteElo "2415"]
[BlackElo "2440"]

1.Nf3 Nf6 2.c4 b6 3.g3 Bb7 4.Bg2 c5 5.O-O g6 6.Nc3 Bg7 7.d4 cxd4 8.Nxd4 Bxg2
9.Kxg2 O-O 10.Bg5 Nc6 11.Nc2 h6 12.Bxf6 Bxf6 13.Qd2 Rc8 14.Ne3 Bg7 15.Rad1 Nd4
16.Qd3 e6 17.Rd2 Qc7 18.Rfd1 Rfd8 19.Qe4 Nf5 20.Nb5 Nxe3+ 21.Qxe3 Qxc4 22.Nxa7 Rc7
23.Qxb6 Ra8 24.Nb5 Qe4+ 25.f3 Rb7 26.Qc5 Qe5 27.Qxe5 Bxe5 28.Nc3 d5 29.e4 d4
30.Ne2 Rxa2 31.f4 Rbxb2 32.Rxb2 Rxb2 33.Kf3 Bg7 34.Nxd4 Bxd4 35.Rxd4 Rxh2
36.Rd7 Kg7 37.e5 Ra2 38.Kg4 Ra3 39.Rc7 Re3 40.Rb7 h5+ 41.Kh4 Re1 42.Kh3 g5
43.Rb8 gxf4 44.gxf4 Rg1 45.f5 exf5 46.Kh4 f6 47.exf6+ Kxf6 48.Rb6+ Ke5 49.Kxh5 f4
50.Kh4 f3 51.Rb5+ Ke4 52.Rb4+ Ke3 53.Rb3+ Ke2 54.Rb2+ Kf1 55.Kh3 f2 56.Kh2 Rg2+
57.Kh1 Rg6 58.Rb1+ Ke2 59.Rb2+ Ke3 60.Rb3+ Ke4 61.Rb4+ Kd3 62.Rb3+ Kc2 63.Rf3 Rg1+  1-0

[Event "Oslo"]
[Site "Oslo"]
[Date "1987.??.??"]
[Round "?"]
[White "Berg, Klaus"]
[Black "Welin, Thomas"]
[Result "1/2-1/2"]
[WhiteElo "2365"]
[BlackElo "2400"]

1.Nf3 Nf6 2.c4 b6 3.g3 Bb7 4.Bg2 c5 5.O-O g6 6.b3 Bg7 7.Bb2 O-O 8.d4 e6 9.e3 Na6
10.Nc3 d5 11.Ne5 Qe7 12.cxd5 exd5 13.Rc1 Rfd8 14.Qe2 Nc7 15.Rfd1 Ne4 16.Qc2 Rac8
17.Nxe4 dxe4 18.Bxe4 Bxe4 19.Qxe4 f6 20.dxc5 fxe5 21.cxb6 axb6 22.Qb7 Rxd1+
23.Rxd1 Rd8 24.Rxd8+ Qxd8 25.Qxb6 Qd1+ 26.Kg2 Qd5+ 27.Kg1 Qd1+ 28.Kg2 Qd5+
29.Kg1 Ne6 30.e4 Qd1+ 31.Kg2 Nf4+  1/2-1/2

[Event "Portoroz"]
[Site "Portoroz"]
[Date "1987.??.??"]
[Round "?"]
[White "Hulak, Krunoslav"]
[Black "Csom, Istvan"]
[Result "1/2-1/2"]
[WhiteElo "2540"]
[BlackElo "2485"]

1.Nf3 Nf6 2.g3 b6 3.Bg2 Bb7 4.O-O c5 5.c4 g6 6.b3 Bg7 7.Bb2 O-O 8.Nc3 Nc6
9.d3 e6 10.e3 Qe7 11.Qe2 Rfd8 12.Rfd1  1/2-1/2

[Event "Portoroz"]
[Site "Portoroz"]
[Date "1987.??.??"]
[Round "?"]
[White "Csom, Istvan"]
[Black "Gostisa, Leon"]
[Result "1/2-1/2"]
[WhiteElo "2485"]
[BlackElo "2380"]

1.c4 Nf6 2.Nf3 c5 3.g3 b6 4.Bg2 Bb7 5.O-O g6 6.b3 Bg7 7.Bb2 O-O 8.Nc3 Na6
9.Rc1 Rc8 10.a3 Ne4 11.d4 cxd4 12.Nxe4 Bxe4 13.Bxd4 Bh6 14.Nd2  1/2-1/2

[Event "BUL-ch (Women)"]
[Site "Sofia"]
[Date "1987.??.??"]
[Round "5"]
[White "Chilingirova, Pavlina"]
[Black "Vitanova, Razalina"]
[Result "1-0"]
[WhiteElo "2285"]
[BlackElo "2085"]

1.Nf3 Nf6 2.c4 b6 3.g3 Bb7 4.Bg2 c5 5.O-O g6 6.Nc3 Bg7 7.d4 cxd4 8.Qxd4 O-O
9.Qh4 d6 10.Bh6 Nbd7 11.Rac1 Rc8 12.b3 Re8 13.Bxg7 Kxg7 14.Rfd1 Nc5 15.Nd5 Nce4
16.Bh3 e6 17.Nxf6 Nxf6 18.Qf4 d5 19.cxd5 Nxd5 20.Rxc8 Qxc8 21.Qd4+ Kg8 22.Ne5 f5
23.Bg2 Qc3 24.Bxd5 Qxd4 25.Rxd4 Bxd5 26.f3 Re7 27.Kf2 Kg7 28.Ke3 Kf6 29.f4 Rc7
30.Kd2 g5 31.Rd3 gxf4 32.gxf4 Be4 33.Rc3 Rg7 34.Rc8 Bb7 35.Rd8 Rc7 36.Rd7 Rxd7+
37.Nxd7+ Ke7 38.Ne5 Kd6 39.Ke3 Kc5 40.a3 a5 41.Nd7+ Kb5 42.Kd4 Bd5 43.Kc3 h6
44.h4 Kc6 45.Ne5+ Kc5 46.Nf7 h5 47.Ne5 Kd6 48.b4 a4 49.Kd4 b5 50.Nf7+ Ke7
51.Ng5 Kd6 52.Nf3 Bc4 53.e3 Bd5 54.Nd2 Bc6 55.Nb1 Bd5 56.Nc3 Bc6 57.Nd1 Bd5
58.Nf2 Bc4 59.e4 Be2 60.e5+ Kc6 61.Nh3 Bf1 62.Ng5 Bc4 63.Nf7 Bf1 64.Nd8+ Kd7
65.Nb7  1-0

[Event "BUL-ch (Women)"]
[Site "Sofia"]
[Date "1987.??.??"]
[Round "7"]
[White "Chilingirova, Pavlina"]
[Black "Bratimirova, Dimitrinka"]
[Result "1/2-1/2"]
[WhiteElo "2285"]
[BlackElo "2085"]

1.Nf3 Nf6 2.c4 b6 3.g3 Bb7 4.Bg2 c5 5.O-O g6 6.Nc3 Bg7 7.d4 cxd4 8.Qxd4 O-O
9.Qh4 Nc6 10.Bh6 Rc8 11.Ng5 e6 12.Rfd1 Re8 13.Bxg7 Kxg7 14.Nce4 h6 15.Nxf7 Kxf7
16.Nd6+ Kg7 17.Nxb7 g5 18.Nxd8 gxh4 19.Nb7 Rc7 20.Nd6 Rg8 21.Bxc6 Rxc6 22.b3 hxg3
23.hxg3 Kf8 24.Nb5 a6 25.Nd4 Rc5 26.Rac1 h5 27.Nf3 d5 28.cxd5 exd5 29.Rxc5 bxc5
30.Rc1 Ne4 31.Kg2 Ke7 32.Ne5 Kd6 33.Nf3 a5 34.Rh1 Nf6 35.Rh4 Rg4 36.Rxg4 hxg4
37.Nd2 a4 38.f3 axb3 39.axb3 Ke5 40.fxg4 Kd4 41.g5 Ng8 42.Kf3 Kc3 43.e4 d4
44.Ke2 Ne7 45.e5 Kc2 46.Ne4 d3+ 47.Ke1 Kxb3 48.Nxc5+ Kc4 49.Ne4 Kd4 50.Nf2 Kxe5
51.Nxd3+ Kf5 52.Kf2 Kxg5 53.Kf3 Nf5  1/2-1/2

[Event "URS-FL"]
[Site "Sverdlovsk"]
[Date "1987.??.??"]
[Round "?"]
[White "Pigusov, Evgeny"]
[Black "Psakhis, Lev"]
[Result "1/2-1/2"]
[WhiteElo "2520"]
[BlackElo "2575"]

1.Nf3 Nf6 2.g3 b6 3.Bg2 Bb7 4.O-O g6 5.c4 c5 6.b3 Bg7 7.Bb2 O-O 8.Nc3 d5
9.Nxd5 Nxd5 10.Bxg7 Kxg7 11.cxd5 Qxd5 12.d4 cxd4 13.Qxd4+ Qxd4 14.Nxd4 Bxg2
15.Kxg2 a6 16.Rac1 Ra7 17.Nc6 Rd7 18.Nxb8 Rxb8 19.Rfd1 Rxd1 20.Rxd1 Rc8 21.Rd2 Kf6
22.Kf3  1/2-1/2